Statistics for The Keeper of the Lost Cities

Click here to take the quiz!

General Stats

  • This quiz has been taken 336 times
  • The average score is 7 of 8

Answer Stats

HintAnswer% Correct
AuthorShannon Messenger
95%
Book 1Keeper of the Lost Cities
90%
Book 2Exile
87%
Book 4Neverseen
87%
Book 3Everblaze
82%
Book 7Flashback
79%
Book 6Nightfall
77%
Book 5Lodestar
76%

Score Distribution

Percentile by Number Answered

Percent of People with Each Score

Your Score History

You have not taken this quiz